| 000 | 01736cam a2200445Mi 4500 | ||
|---|---|---|---|
| 003 | PE-LiUPU | ||
| 005 | 20250731175627.0 | ||
| 008 | 190312s2017 xxu rb 001 0 eng d | ||
| 020 | _a1628371897 | ||
| 020 | _a9781628371895 | ||
| 035 | _a(Sirsi) a251945 | ||
| 040 |
_aPE-LiUPU _bspa _cPE-LiUPU _erda |
||
| 049 | _aPRUA | ||
| 082 | 0 | 4 |
_a492.45 _bR47 _221 |
| 100 | 1 |
_aReymond, Eric D., _eautor. |
|
| 245 | 1 | 0 |
_aIntermediate biblical Hebrew grammar : _ba student's guide to phonology and morphology / _cEric D. Reymond. |
| 264 | 1 |
_aAtlanta : _bSBL Press, _c2017. |
|
| 300 |
_axx, 333 páginas ; _c23 centímetros. |
||
| 336 |
_atext _2rdacontent |
||
| 337 |
_aunmediated _2rdamedia |
||
| 338 |
_avolume _2rdacarrier |
||
| 490 | 1 |
_aResources for biblical study ; _v89 |
|
| 504 | _aBibliografía: páginas 289-298. | ||
| 504 | _aÍndice: páginas 299-333. | ||
| 505 | _aPhonology of ancient Hebrew: consonats -- phonology of ancient Hebrew: vowels -- morphology of ancient Hebrew: the noun -- morphology of ancient Hebrew: the verb -- charts of nouns and verbs. | ||
| 526 | _aP145 | ||
| 526 | _aP127 | ||
| 526 | _aP97 | ||
| 526 | _aP35 | ||
| 526 | _aP14 | ||
| 526 | _aP07 | ||
| 650 | 0 | 7 |
_aHebrew language _xMorphology. _2fast _0(OCoLC)fst00954257. |
| 650 | 0 | 7 |
_aHebrew language _xPhonology. _2fast _0(OCoLC)fst00954274. |
| 910 |
_aadm _bksl _cksl _d20190312 |
||
| 942 |
_2ddc _cBOOK |
||
| 994 |
_aC0 _bPEPRU |
||
| 596 | _a1 | ||
| 999 |
_a492.45 R47 _wDEWEY _c31208 _i80030 _d31208 _f2021-11-11 _g3 _lCCODEBUL1 _mBUL _p34.00 _q3 _r0 _sY _tBOOK _u2019-3-13 _xTEOLOGIA _PP35 _0COMPRA _o.STAFF. Colección Teología |
||
| 980 |
_81 _gALBERTO SANCHEZ Responsable de Automatización |
||